00316nam a2200121 a 450000500170000000800410001702000060005805000170006410000180008124500520009926000370015130000060018820140414131914.0040117s19uu xx 00 eng d a  aERbW63 1996 aPackard, Mary aWinnie the Pooh :bthe grand and wonderful day. aNew York :bGolden Book,c1996. a